000 00805cam a2200253 4500
008 090401t1985 xxu||||| |||| 00| 0 eng d
020 _a061700398X
035 _a(Sirsi) u66940
041 _aeng
050 _a692.9
_c18
100 _aPowell-Smith, Vincent
245 2 _aA Contract Journal contractors` guide to the JCT nominated sub-contract (NSAC/4 and NSC/4a)
260 _aSutton
_bAgriculture and Construction Press
_c1985
300 _a35p.
_c30cm.
350 _a9
650 _aJCT STANDARD FORM OF BUILDING CONTRACT (1980 EDITION)
650 _aJCT STANDARD FORM OF NOMINATED SUB-CONTRACT (1980 EDITION)
650 _aNSC/4A 1980
650 _aSUBCONTRACTORS
650 _aSUBCONTRACTS
690 _aBUILT ENVIRONMENT-BUILDING CONTRACT FORMS
942 _n0
948 _c04/03/1997
999 _c94963
_d94963